000 01232nam a22003377a 4500
003 CHAP
005 20220329140311.0
008 971013s1976 r 00010 d
010 _a50005
011 _a50977
035 _a55127
040 _cCHAP
090 _aTesis
100 0 0 _aVillarreal Ochoa, Ricardo.
_9119646
245 _aFormulación de raciones alimenticias de costo mínimo para ganado vacuno lechero por medio del programación lineal. Zona de Navidad Galeana, N.L.
260 _a(Monterrey, N.L.) :
_bEl autor,
_c1976
300 _a101 h.
502 _aTesis (Ing. Agrónomo Administrador) -- ITESM. Div. de Ciencias Agropecuarias y Marítimas
590 _aALEPH
_b10
_c20130110
_lUCH01
_h1323
590 _aBATCH-UPD
_b10
_c20130110
_lUCH01
_h1729
590 _aBATCH-UPD
_b10
_c20130410
_lUCH01
_h1110
590 _aBATCH-UPD
_b10
_c20130914
_lUCH01
_h1459
590 _aCONVERSION
_b10
_c20130109
_lUCH01
_h1327
650 1 4 _aGanadería
_xAspectos económicos.
_944616
650 1 4 _aGanadería
_xModelos matemáticos.
_944824
650 1 4 _aGanado lechero
_xAlimentación.
_945238
650 1 4 _aGanado lechero
_xNuevo León.
_945280
901 _aBK
942 _cTESIS
949 _bBC
_cTES
_d-121179
_eTS1
_i55127
_si
999 _c50005
_d50005